Editores madrileños a principios de siglo / (Record no. 67102)

MARC details
000 -LEADER
campo de control de longitud fija 00978nam a22002535i 4500
001 - NÚMERO DE CONTROL
campo de control 67102
003 - IDENTIFICADOR DE NÚMERO DE CONTROL
campo de control ES-MaACL
005 - FECHA Y HORA DE LA ÚLTIMA TRANSACCIÓN
campo de control 20250806062528.0
007 - CAMPO FIJO DE DESCRIPCIÓN FÍSICA--INFORMACIÓN GENERAL
campo de control de longitud fija t|
008 - DATOS DE LONGITUD FIJA--INFORMACIÓN GENERAL
campo de control de longitud fija 930119s1984 sp ||||0| spa d
020 ## - NÚMERO INTERNACIONAL ESTÁNDAR DEL LIBRO
Número Internacional Estándar del Libro 84-500-9675-8
040 ## - FUENTE DE CATALOGACIÓN
Centro catalogador/agencia de origen M-BN
Lengua de catalogación spa
Centro/agencia transcriptor M-BN
080 ## - NÚMERO DE LA CLASIFICACIÓN DECIMAL UNIVERSAL
Número de la Clasificación Decimal Universal 655.4(460.27 M.)"19"
100 1# - ENTRADA PRINCIPAL--NOMBRE DE PERSONA
Nombre de persona Escolar Sobrino, Hipólito.
9 (RLIN) 47607
245 10 - MENCIÓN DEL TÍTULO
Título Editores madrileños a principios de siglo /
Mención de responsabilidad, etc. por Hipólito Escolar.
260 ## - PUBLICACIÓN, DISTRIBUCIÓN, ETC.
Lugar de publicación, distribución, etc. Madrid :
Nombre del editor, distribuidor, etc. Ayuntamiento de Madrid, Delegación de Cultura :
-- Instituto de Estudios Madrileños,
Fecha de publicación, distribución, etc. 1984.
300 ## - DESCRIPCIÓN FÍSICA
Extensión 29 p ;
Dimensiones 22 cm.
490 1# - MENCIÓN DE SERIE
Mención de serie Ciclo de conferencias sobre Madrid en el primer tercio del siglo XX ;
Designación de volumen o secuencia 6
650 14 - PUNTO DE ACCESO ADICIONAL DE MATERIA--TÉRMINO DE MATERIA
Término de materia o nombre geográfico como elemento de entrada Editoriales-
Subdivisión geográfica Madrid.
9 (RLIN) 12070
710 2# - ENTRADA AGREGADA--NOMBRE DE ENTIDAD CORPORATIVA
Nombre de entidad corporativa o nombre de jurisdicción como elemento de entrada Instituto de Estudios Madrileños
9 (RLIN) 4916
830 0# - PUNTO DE ACCESO ADICIONAL DE SERIE-TÍTULO UNIFORME
Título uniforme Ciclo de conferencias sobre Madrid en el primer tercio del siglo XX ;
Designación de volumen o secuencia 6
9 (RLIN) 230871
852 ## - LOCALIZACIÓN
Ubicación ES-MaACL
Número de control de estantería 2172-F-4
Sublocalización o colección R.111307
condición física . - Ded. autógr. del autor
Holdings
Estatus retirado Estado de pérdida Estado de daño No para préstamo Colección Biblioteca de origen Biblioteca actual Ubicación en estantería Fecha de adquisición Fuente de adquisición Total de préstamos Signatura topográfica completa Código de barras Visto por última vez Precio de reemplazo Tipo de ítem Koha
        Colección de folletos Biblioteca del Ateneo de Madrid Biblioteca del Ateneo de Madrid Depósito folletos 17/01/2008     2172-F-4 1070277 23/02/2023 23/02/2023 Folleto